[Event "Titled Tuesday intern op 15th Nov Late"]
[Site "Chess.com INT"]
[Date "2022.11.15"]
[Round "3"]
[White "Ali Abdullahi, Farah"]
[Black "Graif, William"]
[Result "1-0"]
[WhiteElo "1879"]
[BlackElo "2305"]
[PlyCount "115"]
[EventDate "2022.11.15"]
[EventType "swiss (blitz)"]
[EventRounds "11"]
[EventCountry "USA"]
[SourceTitle "CBM 211 Extra"]
[Source "ChessBase"]
[SourceDate "2023.01.31"]
[SourceVersion "1"]
[SourceVersionDate "2023.01.31"]
[SourceQuality "1"]

1. d4 Nf6 2. Nf3 d5 3. c4 e6 4. cxd5 exd5 5. Nc3 c6 6. Bg5 h6 7. Bh4 Bf5 8. e3 Nbd7 9. Bd3 Bxd3 10. Qxd3 Be7 11. 0-0 0-0 12. Bxf6 Nxf6 13. Ne5 Re8 14. f4 Bf8 15. Qf5 Qc8 16. Qd3 Ne4 17. Nxe4 dxe4 18. Qb3 Re7 19. f5 Rc7 20. f6 Qe6 21. fxg7 Bxg7 22. Qxe6 fxe6 23. Nc4 Rf8 24. Nd2 h5 25. Nxe4 Rcf7 26. Rxf7 Rxf7 27. Rf1 Bh6 28. Rxf7 Kxf7 29. Kf2 Ke7 30. Kf3 b6 31. b3 a6 32. h3 Kf7 33. g4 Kg6 34. Ng3 hxg4+ 35. hxg4 Bg5 36. Nh5 Bh6 37. Ng3 Bg5 38. Ne4 Bh6 39. Nd6 Kf6 40. Nc4 b5 41. Ne5 c5 42. Nd7+ Ke7 43. Nxc5 a5 44. Nb7 a4 45. bxa4 bxa4 46. a3 Bf8 47. Nc5 Kf7 48. Nxa4 Bxa3 49. Nc5 Bb4 50. Ke4 Kf6 51. g5+ Kxg5 52. Nxe6+ Kf6 53. Nf4 Kf7 54. d5 Bc5 55. Nd3 Bb6 56. Kf4 Ke7 57. e4 Kd6 58. Nb4 1-0

[Event "Titled Tuesday intern op 15th Nov Late"]
[Site "Chess.com INT"]
[Date "2022.11.15"]
[Round "6"]
[White "Ali Abdullahi, Farah"]
[Black "Sreyas, Payyappat"]
[Result "1-0"]
[WhiteElo "1879"]
[BlackElo "2145"]
[PlyCount "67"]
[EventDate "2022.11.15"]
[EventType "swiss (blitz)"]
[EventRounds "11"]
[EventCountry "USA"]
[SourceTitle "CBM 211 Extra"]
[Source "ChessBase"]
[SourceDate "2023.01.31"]
[SourceVersion "1"]
[SourceVersionDate "2023.01.31"]
[SourceQuality "1"]

1. b3 e5 2. Bb2 Nc6 3. e3 d5 4. Bb5 Bd6 5. Nf3 Bg4 6. h3 Bxf3 7. Qxf3 Nf6 8. c4 e4 9. Qf5 0-0 10. Bxf6 Qxf6 11. Qxf6 gxf6 12. Bxc6 bxc6 13. Nc3 Be5 14. Rc1 f5 15. cxd5 cxd5 16. Nxd5 Kg7 17. Ke2 Rad8 18. Nxc7 Rd3 19. Nb5 Rfd8 20. Rc2 f4 21. Na3 fxe3 22. fxe3 f5 23. Nc4 Bg3 24. Rf1 Kg6 25. Na5 Kg5 26. Nc6 Rc8 27. Nd4 Rxc2 28. Nxc2 f4 29. Nd4 Kf6 30. Rc1 Ke7 31. Rc7+ Kd6 32. Rxa7 Kc5 33. Rxh7 Bf2 34. Ne6+ 1-0

[Event "Titled Tuesday intern op 15th Nov Late"]
[Site "Chess.com INT"]
[Date "2022.11.15"]
[Round "4"]
[White "Milchev, Nikolay"]
[Black "Ali Abdullahi, Farah"]
[Result "1-0"]
[WhiteElo "2386"]
[BlackElo "1879"]
[PlyCount "125"]
[EventDate "2022.11.15"]
[EventType "swiss (blitz)"]
[EventRounds "11"]
[EventCountry "USA"]
[SourceTitle "CBM 211 Extra"]
[Source "ChessBase"]
[SourceDate "2023.01.31"]
[SourceVersion "1"]
[SourceVersionDate "2023.01.31"]
[SourceQuality "1"]

1. Nf3 d5 2. c4 e6 3. g3 c5 4. Bg2 Nc6 5. 0-0 Nf6 6. cxd5 exd5 7. d4 Be7 8. dxc5 Bxc5 9. a3 a6 10. b4 Ba7 11. Nc3 0-0 12. Bg5 Be6 13. Bxf6 Qxf6 14. Nxd5 Bxd5 15. Qxd5 Rad8 16. Qa2 Rfe8 17. Rfd1 h6 18. e3 Qc3 19. Rac1 Qf6 20. Qb3 Qe7 21. Rxd8 Rxd8 22. Rd1 Rxd1+ 23. Qxd1 Qe6 24. Qc2 Ne5 25. Nxe5 Qxe5 26. Bxb7 Qa1+ 27. Kg2 Qxa3 28. Qc8+ Kh7 29. Qf5+ Kg8 30. Bd5 Qxb4 31. Qxf7+ Kh7 32. Qxa7 a5 33. Qd4 Qb8 34. Qe4+ Kh8 35. Bc4 a4 36. Bd3 Kg8 37. Qxa4 Qb7+ 38. Qe4 Qb8 39. Qh7+ Kf7 40. Bc4+ Kf6 41. Qe4 Qc8 42. h4 g5 43. hxg5+ hxg5 44. g4 Qd7 45. Qf5+ Qxf5 46. gxf5 Kxf5 47. Kg3 Ke5 48. Kg4 Kf6 49. Bd3 Ke5 50. Kxg5 Ke6 51. f4 Kf7 52. e4 Kf8 53. e5 Kg7 54. f5 Kf8 55. f6 Kf7 56. Bc4+ Kf8 57. e6 Ke8 58. Bb5+ Kd8 59. e7+ Kc7 60. e8Q Kd6 61. f7 Kc7 62. f8Q Kb6 63. Qc6+ 1-0

[Event "Titled Tuesday intern op 08th Nov Late"]
[Site "Chess.com INT"]
[Date "2022.11.08"]
[Round "5"]
[White "Ali Abdullahi, Farah"]
[Black "Floresvillar Gonzalez, Luis Miguel"]
[Result "1-0"]
[WhiteElo "1879"]
[BlackElo "2084"]
[PlyCount "37"]
[EventDate "2022.11.08"]
[EventType "swiss (blitz)"]
[EventRounds "11"]
[EventCountry "USA"]
[SourceTitle "EXT 2024"]
[Source "ChessBase"]
[SourceDate "2023.10.10"]
[SourceVersion "1"]
[SourceVersionDate "2023.10.10"]
[SourceQuality "1"]

1. b3 e5 2. Bb2 Nc6 3. e3 Bc5 4. Bb5 Nge7 5. Nf3 d6 6. d4 exd4 7. exd4 Bb4+ 8. c3 Ba5 9. b4 Bb6 10. d5 a6 11. Ba4 Bxf2+ 12. Kxf2 b5 13. dxc6 bxa4 14. Re1 0-0 15. c4 Nxc6 16. Qxa4 Bb7 17. Qc2 Nxb4 18. Qc3 a5 19. Qxg7# 1-0

[Event "Titled Tuesday intern op 08th Nov Late"]
[Site "Chess.com INT"]
[Date "2022.11.08"]
[Round "10"]
[White "Dudzinski, Pawel"]
[Black "Ali Abdullahi, Farah"]
[Result "1-0"]
[WhiteElo "2186"]
[BlackElo "1879"]
[PlyCount "105"]
[EventDate "2022.11.08"]
[EventType "swiss (blitz)"]
[EventRounds "11"]
[EventCountry "USA"]
[SourceTitle "EXT 2024"]
[Source "ChessBase"]
[SourceDate "2023.10.10"]
[SourceVersion "1"]
[SourceVersionDate "2023.10.10"]
[SourceQuality "1"]

1. e4 e6 2. d3 c5 3. g3 Nc6 4. Bg2 e5 5. Nc3 d6 6. Nge2 g6 7. f4 Bg7 8. 0-0 Nge7 9. Nd5 0-0 10. fxe5 Nxd5 11. exd5 Nxe5 12. c3 Bf5 13. Nf4 g5 14. d4 cxd4 15. cxd4 Qb6 16. Ne2 Bg4 17. Kh1 Bxe2 18. Qxe2 Qxd4 19. Bxg5 Ng6 20. Rad1 Qxb2 21. Qxb2 Bxb2 22. Rb1 Bd4 23. Rxb7 Rae8 24. Bh6 Bg7 25. Bxg7 Kxg7 26. Rxa7 Re2 27. Bf3 Rd2 28. a4 Ne5 29. Bh5 Rxd5 30. a5 Ng6 31. Bxg6 hxg6 32. a6 Ra5 33. Kg2 Ra2+ 34. Rf2 Rxf2+ 35. Kxf2 Rd8 36. Rb7 Ra8 37. a7 Kf6 38. Ke3 Ke6 39. Kd4 f5 40. h4 Kf6 41. Kd5 g5 42. hxg5+ Kxg5 43. Kxd6 Kg4 44. Rg7+ Kf3 45. Ke5 Rf8 46. Rf7 Rxf7 47. a8Q+ Kxg3 48. Qg8+ Kf2 49. Qxf7 f4 50. Qxf4+ Ke2 51. Qg3 Kd2 52. Qf3 Kc2 53. Qa3 1-0

[Event "Titled Tuesday intern op 01st Nov Late"]
[Site "Chess.com INT"]
[Date "2022.11.01"]
[Round "11"]
[White "Ali Abdullahi, Farah"]
[Black "Simonovic, Miroslav"]
[Result "1-0"]
[WhiteElo "1879"]
[BlackElo "2115"]
[PlyCount "63"]
[EventDate "2022.11.01"]
[EventType "swiss (blitz)"]
[EventRounds "11"]
[EventCountry "USA"]
[SourceTitle "EXT 2024"]
[Source "ChessBase"]
[SourceDate "2023.10.10"]
[SourceVersion "1"]
[SourceVersionDate "2023.10.10"]
[SourceQuality "1"]

1. d4 Nf6 2. Nf3 c5 3. c4 b6 4. Nc3 Bb7 5. d5 d6 6. e4 Nbd7 7. Bg5 g6 8. Bxf6 Nxf6 9. Bd3 Bg7 10. 0-0 0-0 11. Re1 e5 12. Rc1 h6 13. a3 Nh7 14. b4 f5 15. exf5 gxf5 16. Bf1 e4 17. Nd2 Qf6 18. g3 Rae8 19. Bg2 Qd4 20. Ne2 Qb2 21. bxc5 dxc5 22. Nf4 Ng5 23. h4 Nf3+ 24. Nxf3 exf3 25. Qxf3 Rxe1+ 26. Rxe1 Bc8 27. Re7 a6 28. Ne6 Bxe6 29. dxe6 Bd4 30. Qh5 Qxf2+ 31. Kh2 Rf6 32. Qe8+ 1-0

[Event "Titled Tuesday intern op 01st Nov Late"]
[Site "Chess.com INT"]
[Date "2022.11.01"]
[Round "1"]
[White "Bayo Milagro, Alvaro"]
[Black "Ali Abdullahi, Farah"]
[Result "1-0"]
[WhiteElo "2285"]
[BlackElo "1879"]
[PlyCount "77"]
[EventDate "2022.11.01"]
[EventType "swiss (blitz)"]
[EventRounds "11"]
[EventCountry "USA"]
[SourceTitle "EXT 2024"]
[Source "ChessBase"]
[SourceDate "2023.10.10"]
[SourceVersion "1"]
[SourceVersionDate "2023.10.10"]
[SourceQuality "1"]

1. e4 e6 2. d4 d5 3. Nd2 Nf6 4. e5 Nfd7 5. Bd3 c5 6. c3 Nc6 7. Ngf3 Be7 8. 0-0 g5 9. dxc5 Ncxe5 10. Nxe5 Nxe5 11. Bb5+ Bd7 12. Bxd7+ Qxd7 13. Nb3 h5 14. f4 gxf4 15. Bxf4 Ng6 16. Qd2 Rc8 17. Be3 Rg8 18. Qf2 Bh4 19. Qf3 Bd8 20. Qxh5 Bc7 21. g3 Rh8 22. Qf3 e5 23. Rae1 Rh7 24. Re2 e4 25. Qf5 Qxf5 26. Rxf5 Ne5 27. Nd4 Ng4 28. Rxd5 Ke7 29. Bg5+ f6 30. Rxe4+ Be5 31. Rxg4 Bxd4+ 32. Rgxd4 fxg5 33. Rd7+ Ke6 34. Rxh7 Rxc5 35. Rxb7 a5 36. a4 Re5 37. Kf2 g4 38. Rb6+ Kf5 39. Rb5 1-0

[Event "Titled Tuesday intern op 01st Nov Late"]
[Site "Chess.com INT"]
[Date "2022.11.01"]
[Round "5"]
[White "Jimenez Fernandez, Rebeca"]
[Black "Ali Abdullahi, Farah"]
[Result "0-1"]
[WhiteElo "2114"]
[BlackElo "1879"]
[PlyCount "68"]
[EventDate "2022.11.01"]
[EventType "swiss (blitz)"]
[EventRounds "11"]
[EventCountry "USA"]
[SourceTitle "EXT 2024"]
[Source "ChessBase"]
[SourceDate "2023.10.10"]
[SourceVersion "1"]
[SourceVersionDate "2023.10.10"]
[SourceQuality "1"]

1. e4 e6 2. d3 c5 3. Nf3 Nc6 4. g3 e5 5. Bg2 d6 6. 0-0 g6 7. c3 Bg7 8. Be3 Nge7 9. d4 cxd4 10. cxd4 exd4 11. Nxd4 0-0 12. Nc3 h6 13. Qd2 Kh7 14. Rad1 Ne5 15. b3 Ng4 16. Bf4 g5 17. f3 Ne5 18. Be3 a6 19. f4 Ng4 20. fxg5 Nxe3 21. Qxe3 Ng6 22. Nf5 hxg5 23. Rxd6 Qc7 24. Nd5 Qa5 25. Qxg5 Bxf5 26. exf5 Qc5+ 27. Kh1 Qxd6 28. fxg6+ fxg6 29. Be4 Rxf1+ 30. Kg2 Raf8 31. Ne7 R1f2+ 32. Kh3 Qe6+ 33. Bf5 R2xf5 34. Qh4+ Rh5+ 0-1

[Event "Titled Tuesday intern op 25th Oct Late"]
[Site "Chess.com INT"]
[Date "2022.10.25"]
[Round "11"]
[White "Aguilar, Juan"]
[Black "Ali Abdullahi, Farah"]
[Result "1-0"]
[WhiteElo "2254"]
[BlackElo "1879"]
[PlyCount "133"]
[EventDate "2022.10.25"]
[EventType "swiss (blitz)"]
[EventRounds "11"]
[EventCountry "USA"]
[SourceTitle "EXT 2024"]
[Source "ChessBase"]
[SourceDate "2023.10.10"]
[SourceVersion "1"]
[SourceVersionDate "2023.10.10"]
[SourceQuality "1"]

1. d4 e6 2. c4 d5 3. Nf3 c5 4. cxd5 exd5 5. Nc3 Nc6 6. g3 Nf6 7. Bg2 Be7 8. 0-0 0-0 9. dxc5 Bxc5 10. Na4 Bb6 11. Nxb6 axb6 12. Qb3 Be6 13. Ng5 Bg4 14. Re1 Re8 15. Be3 h6 16. Bxb6 Qd7 17. Nf3 Ra6 18. Rad1 Na5 19. Bxa5 Rxa5 20. Qc3 Rxa2 21. Ne5 Qc8 22. Nxg4 Qxg4 23. Qb3 Ra5 24. Bf3 Qf5 25. Qxb7 Qc2 26. Qb4 Qc7 27. Rc1 Qa7 28. Red1 Rb8 29. Qd2 Rab5 30. Rc2 Qa2 31. Rdc1 Rxb2 32. Rxb2 Qxb2 33. Qxb2 Rxb2 34. Rc8+ Kh7 35. Rd8 Rb5 36. Kg2 Kg6 37. h4 Kf5 38. Ra8 g5 39. hxg5 hxg5 40. e3 g4 41. Be2 Rb2 42. Bd3+ Ke6 43. Ra6+ Ke5 44. Ra7 Rd2 45. Bb1 Rd1 46. Ba2 Ne4 47. Rxf7 Rd2 48. Bb1 Nc3 49. Bh7 Nd1 50. Kf1 Ke6 51. Rf4 Nxe3+ 52. fxe3 Rh2 53. Bf5+ Ke5 54. Bxg4 Rb2 55. Be2 Rb3 56. Kf2 Rb2 57. Kf3 Rb3 58. Rh4 Ra3 59. Rh5+ Ke6 60. g4 d4 61. Rh6+ Ke5 62. Rh8 Rxe3+ 63. Kf2 Kf4 64. Rf8+ Kg5 65. Rf5+ Kg6 66. Rd5 Re4 67. Bd3 1-0

[Event "Titled Tuesday intern op 25th Oct Late"]
[Site "Chess.com INT"]
[Date "2022.10.25"]
[Round "5"]
[White "Ali Abdullahi, Farah"]
[Black "Arbunic Castro, Giovanna B"]
[Result "1-0"]
[WhiteElo "1879"]
[BlackElo "1930"]
[PlyCount "109"]
[EventDate "2022.10.25"]
[EventType "swiss (blitz)"]
[EventRounds "11"]
[EventCountry "USA"]
[SourceTitle "EXT 2024"]
[Source "ChessBase"]
[SourceDate "2023.10.10"]
[SourceVersion "1"]
[SourceVersionDate "2023.10.10"]
[SourceQuality "1"]

1. d4 Nf6 2. Nf3 g6 3. c4 Bg7 4. Nc3 0-0 5. Bg5 d6 6. Bxf6 Bxf6 7. e3 c5 8. d5 Qa5 9. Qb3 Na6 10. Bd3 Nb4 11. Bb1 e6 12. 0-0 exd5 13. cxd5 Bg4 14. Nd2 b5 15. h3 c4 16. Nxc4 bxc4 17. Qxc4 Bd7 18. a3 Rfc8 19. Qxb4 Qxb4 20. axb4 Bxc3 21. bxc3 Rxc3 22. Be4 Rc4 23. Bf3 Rxb4 24. Rfc1 a5 25. Rc7 Bf5 26. Rc6 a4 27. Rxd6 a3 28. e4 a2 29. Rxa2 Rb1+ 30. Kh2 Rxa2 31. exf5 gxf5 32. Rf6 Rxf2 33. Rxf5 Rd1 34. Kg3 Rff1 35. Re5 Rd4 36. Re8+ Kg7 37. Rd8 Kf6 38. d6 Ke6 39. d7 Rxd7 40. Rh8 f5 41. Re8+ Kf6 42. Rf8+ Rf7 43. Rb8 Rg7+ 44. Kh2 Ra1 45. Rb6+ Kg5 46. Rb5 Ra2 47. Be4 Rf7 48. Bd5 Rf6 49. Bxa2 Rd6 50. Bb1 Rf6 51. g4 Kf4 52. Rxf5+ Rxf5 53. Bxf5 Kg5 54. Kg3 h5 55. h4+ 1-0

[Event "Titled Tuesday intern op 25th Oct Late"]
[Site "Chess.com INT"]
[Date "2022.10.25"]
[Round "8"]
[White "Ali Abdullahi, Farah"]
[Black "Muhammad, Shahzeb"]
[Result "1-0"]
[WhiteElo "1879"]
[BlackElo "1992"]
[PlyCount "79"]
[EventDate "2022.10.25"]
[EventType "swiss (blitz)"]
[EventRounds "11"]
[EventCountry "USA"]
[SourceTitle "EXT 2024"]
[Source "ChessBase"]
[SourceDate "2023.10.10"]
[SourceVersion "1"]
[SourceVersionDate "2023.10.10"]
[SourceQuality "1"]

1. b3 Nf6 2. Bb2 d5 3. e3 e6 4. Nf3 Bd6 5. Be2 0-0 6. 0-0 c5 7. c4 Nc6 8. cxd5 exd5 9. d4 cxd4 10. Nxd4 Be6 11. Nc3 Qe7 12. Bf3 Rfd8 13. Re1 Be5 14. Nde2 Ne4 15. Bxe4 dxe4 16. Qb1 f5 17. Nb5 Bxb2 18. Qxb2 Nb4 19. Nf4 Bf7 20. Rac1 a6 21. Rc7 Qf8 22. Nd4 Rxd4 23. Qxd4 Nc6 24. Qb6 g5 25. Rxb7 Nd8 26. Rxf7 Qxf7 27. Ne2 Qe6 28. Qc7 Rc8 29. Qg3 h6 30. Nd4 Qd5 31. Qh3 f4 32. Qxc8 f3 33. Qc4 Qxc4 34. bxc4 fxg2 35. Kxg2 Kf7 36. Rb1 Kf6 37. Rb6+ Ke5 38. Rxa6 g4 39. Rxh6 g3 40. hxg3 1-0

[Event "Titled Tuesday intern op 25th Oct Late"]
[Site "Chess.com INT"]
[Date "2022.10.25"]
[Round "6"]
[White "Ljukin, Sergei"]
[Black "Ali Abdullahi, Farah"]
[Result "0-1"]
[WhiteElo "2362"]
[BlackElo "1879"]
[PlyCount "70"]
[EventDate "2022.10.25"]
[EventType "swiss (blitz)"]
[EventRounds "11"]
[EventCountry "USA"]
[SourceTitle "EXT 2024"]
[Source "ChessBase"]
[SourceDate "2023.10.10"]
[SourceVersion "1"]
[SourceVersionDate "2023.10.10"]
[SourceQuality "1"]

1. e4 e6 2. d4 d5 3. Nc3 Nf6 4. Bg5 dxe4 5. Nxe4 Be7 6. Bxf6 gxf6 7. Nf3 a6 8. Qe2 f5 9. Nc3 b5 10. 0-0-0 b4 11. Na4 Bd7 12. Nc5 Bb5 13. Qe3 Nd7 14. Nxd7 Qxd7 15. d5 0-0 16. dxe6 Qxe6 17. Kb1 Bf6 18. Nd4 Qd5 19. Qf3 Rfd8 20. Qxd5 Rxd5 21. Bxb5 axb5 22. Nb3 Re5 23. Rhe1 Rae8 24. Rxe5 Rxe5 25. g3 Re2 26. Rf1 Be7 27. Kc1 c5 28. Kd1 Re6 29. Re1 Rd6+ 30. Kc1 Rd7 31. Re5 c4 32. Nd2 c3 33. bxc3 bxc3 34. Nb3 Ba3+ 35. Kb1 Rd1+ 0-1

[Event "Titled Tuesday intern op 11th Oct Early"]
[Site "Chess.com INT"]
[Date "2022.10.11"]
[Round "4"]
[White "Ali Abdullahi, Farah"]
[Black "Ferreira, Vitor Hugo Vieira"]
[Result "1/2-1/2"]
[WhiteElo "1879"]
[BlackElo "2128"]
[PlyCount "127"]
[EventDate "2022.10.11"]
[EventType "swiss (blitz)"]
[EventRounds "11"]
[EventCountry "USA"]
[SourceTitle "EXT 2024"]
[Source "ChessBase"]
[SourceDate "2023.10.10"]
[SourceVersion "1"]
[SourceVersionDate "2023.10.10"]
[SourceQuality "1"]

1. d4 d5 2. Nf3 Nf6 3. c4 c6 4. cxd5 cxd5 5. Nc3 Nc6 6. Bg5 Ne4 7. h4 Nxg5 8. hxg5 Bg4 9. e3 e6 10. Qb3 Qb6 11. Bb5 Be7 12. Ne5 Bf5 13. Bxc6+ bxc6 14. Qxb6 axb6 15. Nxc6 Bxg5 16. f4 Bf6 17. Nb5 0-0 18. Ne5 Rfc8 19. Nd6 Rc2 20. Nxf5 exf5 21. Nd7 Bd8 22. 0-0 Rxb2 23. Rfc1 g5 24. Rc6 Kg7 25. a4 b5 26. Nb6 Bxb6 27. Rxb6 gxf4 28. exf4 b4 29. a5 b3 30. a6 Ra2 31. Rb1 Ra4 32. R1xb3 Rxd4 33. Rg3+ Kf8 34. a7 Rxa7 35. Rb8+ Ke7 36. Rg5 Rxf4 37. Rh5 Ra2 38. Rxh7 Rg4 39. Rb7+ Ke6 40. Rb6+ Ke5 41. Rxf7 Rgxg2+ 42. Kf1 Rgc2 43. Re7+ Kf4 44. Rb4+ Kg5 45. Re1 Rh2 46. Kg1 Rag2+ 47. Kf1 Rd2 48. Kg1 Rhe2 49. Ra1 d4 50. Rb8 Kf4 51. Rf1+ Ke3 52. Rxf5 Re1+ 53. Rf1 Rxf1+ 54. Kxf1 Rd1+ 55. Kg2 d3 56. Re8+ Kd2 57. Kf2 Rh1 58. Ra8 Rh2+ 59. Kf3 Re2 60. Ra2+ Kd1 61. Ra1+ Kd2 62. Ra2+ Ke1 63. Ra1+ Kd2 64. Ra2+ 1/2-1/2

[Event "Titled Tuesday intern op 04th Oct Late"]
[Site "Chess.com INT"]
[Date "2022.10.04"]
[Round "7"]
[White "Ali Abdullahi, Farah"]
[Black "Milosevic, Milos"]
[Result "0-1"]
[WhiteElo "1879"]
[BlackElo "2379"]
[PlyCount "70"]
[EventDate "2022.10.04"]
[EventType "swiss (blitz)"]
[EventRounds "11"]
[EventCountry "USA"]
[SourceTitle "EXT 2023"]
[Source "ChessBase"]
[SourceDate "2022.10.05"]
[SourceVersion "1"]
[SourceVersionDate "2022.10.05"]
[SourceQuality "1"]

1. d4 d5 2. Nf3 e6 3. c4 c5 4. cxd5 exd5 5. Nc3 Nc6 6. g3 Nf6 7. Bg2 Be7 8. 0-0 0-0 9. Re1 c4 10. e4 dxe4 11. Nxe4 Nxe4 12. Rxe4 Bf5 13. Re1 Bf6 14. Be3 Nb4 15. Re2 Rc8 16. a3 Nd3 17. Qa4 a6 18. Ne5 Qc7 19. g4 Bg6 20. Nxg6 hxg6 21. g5 Be7 22. Rc2 Bd6 23. b3 Bxh2+ 24. Kh1 c3 25. Rd1 Nb2 26. Rxb2 cxb2 27. Rb1 Qc2 28. Rxb2 Qxb2 29. Kxh2 b5 30. Qxa6 Qxb3 31. d5 Qc4 32. d6 Qd3 33. Bh3 Rc2 34. d7 Qxe3 35. Bg2 Qf4+ 0-1

[Event "Titled Tuesday intern op 04th Oct Late"]
[Site "Chess.com INT"]
[Date "2022.10.04"]
[Round "2"]
[White "Ali Abdullahi, Farah"]
[Black "Urbina Perez, Juan Antonio"]
[Result "1-0"]
[WhiteElo "1879"]
[BlackElo "2274"]
[PlyCount "31"]
[EventDate "2022.10.04"]
[EventType "swiss (blitz)"]
[EventRounds "11"]
[EventCountry "USA"]
[SourceTitle "EXT 2023"]
[Source "ChessBase"]
[SourceDate "2022.10.05"]
[SourceVersion "1"]
[SourceVersionDate "2022.10.05"]
[SourceQuality "1"]

1. d4 Nf6 2. Nf3 e6 3. c4 d5 4. cxd5 exd5 5. Nc3 c6 6. Bg5 Be7 7. Bxf6 Bxf6 8. e3 0-0 9. Bd3 Nd7 10. h4 Nb6 11. Bxh7+ Kxh7 12. Ng5+ Kg6 13. Qd3+ Kh5 14. Qh7+ Kg4 15. f3+ Kg3 16. Qc2 1-0

[Event "Titled Tuesday intern op 04th Oct Late"]
[Site "Chess.com INT"]
[Date "2022.10.04"]
[Round "6"]
[White "Ansh, M Shah"]
[Black "Ali Abdullahi, Farah"]
[Result "1-0"]
[WhiteElo "2184"]
[BlackElo "1879"]
[PlyCount "65"]
[EventDate "2022.10.04"]
[EventType "swiss (blitz)"]
[EventRounds "11"]
[EventCountry "USA"]
[SourceTitle "EXT 2023"]
[Source "ChessBase"]
[SourceDate "2022.10.05"]
[SourceVersion "1"]
[SourceVersionDate "2022.10.05"]
[SourceQuality "1"]

1. d4 d5 2. c4 e6 3. g3 Nf6 4. Bg2 Be7 5. Nf3 0-0 6. 0-0 c6 7. Nbd2 Nbd7 8. Qc2 Re8 9. e4 dxe4 10. Nxe4 Nxe4 11. Qxe4 Nf6 12. Qe2 a5 13. Rd1 a4 14. Bf4 Qa5 15. Rac1 a3 16. b3 Nh5 17. Bd2 Nf6 18. Bxa5 Rxa5 19. Ne5 h5 20. h3 h4 21. g4 c5 22. dxc5 Bxc5 23. Nd3 Ba7 24. b4 Ra6 25. b5 Rd6 26. c5 Rd4 27. Ne5 Ra4 28. b6 Bb8 29. c6 bxc6 30. Bxc6 Re4 31. Bxe4 Ba6 32. Qxa6 Bxe5 33. Qb5 1-0

[Event "Titled Tuesday intern op 04th Oct Late"]
[Site "Chess.com INT"]
[Date "2022.10.04"]
[Round "1"]
[White "Dimitrov, Atanas Valtchev"]
[Black "Ali Abdullahi, Farah"]
[Result "1-0"]
[WhiteElo "2269"]
[BlackElo "1879"]
[PlyCount "111"]
[EventDate "2022.10.04"]
[EventType "swiss (blitz)"]
[EventRounds "11"]
[EventCountry "USA"]
[SourceTitle "EXT 2023"]
[Source "ChessBase"]
[SourceDate "2022.10.05"]
[SourceVersion "1"]
[SourceVersionDate "2022.10.05"]
[SourceQuality "1"]

1. Nf3 Nf6 2. c4 e6 3. g3 d5 4. Bg2 Be7 5. 0-0 0-0 6. d4 dxc4 7. Nc3 Nbd7 8. e4 a6 9. a4 c5 10. d5 exd5 11. exd5 Bd6 12. Bg5 h6 13. Bxf6 Nxf6 14. Qe2 Bg4 15. Qxc4 Re8 16. Rfe1 Qd7 17. a5 Bf5 18. Na4 Bc7 19. Nxc5 Qxd5 20. Qxd5 Nxd5 21. Nd4 Be6 22. Ncxe6 fxe6 23. Nxe6 Bxa5 24. Rxa5 Nc7 25. Rae5 Nxe6 26. Rxe6 Rxe6 27. Rxe6 Rb8 28. Rb6 a5 29. Rxb7 Rc8 30. h4 Rc2 31. Bd5+ Kf8 32. Kg2 a4 33. Ra7 Rd2 34. Bf3 Rxb2 35. Rxa4 g5 36. hxg5 hxg5 37. Ra5 Ke7 38. Rxg5 Kf6 39. Rg4 Ke7 40. Rf4 Ke6 41. Be4 Ke5 42. Bg6 Kd6 43. g4 Ke7 44. Kg3 Kd6 45. f3 Ke5 46. Bd3 Ke6 47. Re4+ Kf6 48. Rd4 Ke5 49. Rd8 Ke6 50. g5 Ke7 51. Rd4 Kf7 52. g6+ Kf6 53. Rf4+ Kg7 54. Rf7+ Kh6 55. f4 Ra2 56. Rh7# 1-0

[Event "Addis Ababa zt 4.4"]
[Site "Addis Ababa"]
[Date "2022.05.08"]
[Round "9"]
[White "Bulcha, Petros Olana"]
[Black "Ali Abdullahi, Farah"]
[Result "1-0"]
[WhiteElo "1965"]
[BlackElo "1944"]
[PlyCount "41"]
[EventDate "2022.05.02"]
[EventType "swiss"]
[EventRounds "9"]
[EventCountry "ETH"]
[SourceTitle "CBM 208 Extra"]
[Source "ChessBase"]
[SourceDate "2022.07.31"]
[SourceVersion "1"]
[SourceVersionDate "2022.07.31"]
[SourceQuality "1"]

1. d4 e6 2. c4 Nf6 3. Nc3 Bb4 4. Bd2 b6 5. e3 Bb7 6. Nf3 d5 7. Qa4+ Nc6 8. Ne5 Bxc3 9. Bxc3 0-0 10. Nxc6 Qd7 11. cxd5 Nxd5 12. Bb5 a6 13. Ne5 Qxb5 14. Qxb5 axb5 15. 0-0 f5 16. Bd2 c5 17. dxc5 bxc5 18. Nd3 c4 19. Nb4 Nf6 20. Nc2 Bd5 21. Bb4 1-0

[Event "Addis Ababa zt 4.4"]
[Site "Addis Ababa"]
[Date "2022.05.07"]
[Round "8"]
[White "Ali Abdullahi, Farah"]
[Black "Badene, Habtamu Bayu"]
[Result "0-1"]
[WhiteElo "1944"]
[BlackElo "1963"]
[PlyCount "83"]
[EventDate "2022.05.02"]
[EventType "swiss"]
[EventRounds "9"]
[EventCountry "ETH"]
[SourceTitle "CBM 208 Extra"]
[Source "ChessBase"]
[SourceDate "2022.07.31"]
[SourceVersion "1"]
[SourceVersionDate "2022.07.31"]
[SourceQuality "1"]

1. d4 e6 2. e3 Nf6 3. Nf3 Be7 4. b3 0-0 5. Bd3 d5 6. Nbd2 Nbd7 7. 0-0 Bd6 8. Bb2 Re8 9. Ne5 c5 10. f4 a6 11. g4 Bf8 12. Qf3 g6 13. Rf2 Bg7 14. Raf1 Rf8 15. f5 exf5 16. gxf5 Qe7 17. Qg2 cxd4 18. exd4 b5 19. Ndf3 Ne4 20. fxg6 fxg6 21. Re2 Ndf6 22. c4 Bb7 23. Rfe1 Nh5 24. Bc1 Bxe5 25. Nxe5 Qh4 26. cxd5 Nc3 27. Re4 Nxe4 28. Rxe4 Qf6 29. Rg4 Bc8 30. Bg5 Qg7 31. Rh4 Bf5 32. Qd2 Bxd3 33. Qxd3 Rae8 34. Qe3 Rf5 35. Bh6 Qf6 36. Re4 Rf1+ 37. Kg2 Ra1 38. Qe2 Qf5 39. Re3 Nf4+ 40. Bxf4 Qxf4 41. Qd3 Rxa2+ 42. Kh3 0-1

[Event "Addis Ababa zt 4.4"]
[Site "Addis Ababa"]
[Date "2022.05.06"]
[Round "6"]
[White "Ali Abdullahi, Farah"]
[Black "Terefe, Melkamu Sewunet"]
[Result "1/2-1/2"]
[WhiteElo "1944"]
[BlackElo "1948"]
[PlyCount "65"]
[EventDate "2022.05.02"]
[EventType "swiss"]
[EventRounds "9"]
[EventCountry "ETH"]
[SourceTitle "CBM 208 Extra"]
[Source "ChessBase"]
[SourceDate "2022.07.31"]
[SourceVersion "1"]
[SourceVersionDate "2022.07.31"]
[SourceQuality "1"]

1. d4 c5 2. e3 g6 3. Nf3 Bg7 4. b3 Nc6 5. Bb2 Nf6 6. Bd3 0-0 7. c4 Nb4 8. Be2 d6 9. a3 Nc6 10. d5 Nb8 11. Bd3 e5 12. dxe6 fxe6 13. Qc2 Nc6 14. Nbd2 Ne7 15. Rd1 Qc7 16. Nf1 e5 17. Ng3 Bg4 18. h3 Bd7 19. Ng5 Bh6 20. N3e4 Ne8 21. h4 Ng7 22. Be2 Bf5 23. g4 Bxe4 24. Nxe4 Ne8 25. Qd2 Qc6 26. f3 Rd8 27. Bxe5 d5 28. cxd5 Qb6 29. d6 Qxb3 30. Nxc5 Qxa3 31. Bc4+ Rf7 32. Nxb7 Rd7 33. g5 1/2-1/2